000 00391nam a22001457a 4500
999 _c80313
_d80313
008 201208b ||||| |||| 00| 0 eng d
040 _dStAFF
041 _ager
245 _aLubuskie natürlich =
246 _aLubuskie
_bEs ist wert
260 _aZielona Gora:
_bMarschallamt der Wojewodschaft Lubuskie,
_c2010
300 _a34 Seiten
_bzahl. Ill.
942 _2z
_cB